World of Pharaohs (Record no. 149249)

MARC details
000 -LEADER
fixed length control field 00345nam a2200145Ia 4500
005 - DATE AND TIME OF LATEST TRANSACTION
control field 20240821160129.0
008 - FIXED-LENGTH DATA ELEMENTS--GENERAL INFORMATION
fixed length control field 240821s9999||||xx |||||||||||||| ||und||
082 ## - DEWEY DECIMAL CLASSIFICATION NUMBER
Classification number 962 BAU
100 ## - MAIN ENTRY--PERSONAL NAME
Personal name Baumann, Hans
245 #0 - TITLE STATEMENT
Title World of Pharaohs
260 ## - PUBLICATION, DISTRIBUTION, ETC.
Place of publication, distribution, etc. NewYork
Name of publisher, distributor, etc. Pantheon Books
Date of publication, distribution, etc. 1960
300 ## - PHYSICAL DESCRIPTION
Extent 255p
650 ## - SUBJECT ADDED ENTRY--TOPICAL TERM
Topical term or geographic name entry element African History
942 ## - ADDED ENTRY ELEMENTS (KOHA)
Koha item type Book
Holdings
Withdrawn status Lost status Damaged status Not for loan Home library Current library Date acquired Total checkouts Barcode Date last seen Price effective from Koha item type
        Library and Documentation Division NCERT Library and Documentation Division NCERT 08/21/2024   F5679 08/21/2024 08/21/2024 Book